Documents supplement : for Law of the European Union: a new constitutional order (Record no. 29195)

MARC details
000 -LEADER
fixed length control field 00510nam a2200181Ia 4500
020 ## - INTERNATIONAL STANDARD BOOK NUMBER
ISBN 0-89089-620-8
050 ## - CALL MARK
Classification number KM 30 .L4/
100 ## - STATEMENT OF RESPONSIBILITY--MAIN AUTHOR NAME
Personal name Levasseur, Alain A.
245 #0 - TITLE STATEMENT
Title Documents supplement : for Law of the European Union: a new constitutional order
260 ## - PUBLICATION, DISTRIBUTION, ETC. (IMPRINT)
Place of publication Durham, North Carrolina
260 ## - PUBLICATION, DISTRIBUTION, ETC. (IMPRINT)
Name of publisher Carolina Academic Press
260 ## - PUBLICATION, DISTRIBUTION, ETC. (IMPRINT)
Year of publication 2001
300 ## - PHYSICAL DESCRIPTION
Number of Pages 430 p
650 ## - SUBJECT ADDED ENTRY--TOPICAL TERM
Topical Term Citizenship of the Union
942 ## - ADDED ENTRY ELEMENTS (KOHA)
Koha item type Books
Holdings
Withdrawn status Lost status Source of classification or shelving scheme Damaged status Not for loan Permanent Location Current Location Date acquired Accession Number Price effective from Koha item type
    Library of Congress Classification     Law Library Law Library 04/23/2025 0004754 04/23/2025 Books